Tide Tables (Record no. 4474)

000 -LEADER
fixed length control field 00385nam a2200157Ia 4500
008 - FIXED-LENGTH DATA ELEMENTS--GENERAL INFORMATION
fixed length control field 200103s9999||||xx |||||||||||||| ||und||
020 ## - INTERNATIONAL STANDARD BOOK NUMBER
International Standard Book Number 9780707714851
082 ## - DEWEY DECIMAL CLASSIFICATION NUMBER
Classification number Column-10
100 ## - MAIN ENTRY--PERSONAL NAME
Personal name Admiralty
245 #0 - TITLE STATEMENT
Title Tide Tables
250 ## - EDITION STATEMENT
Edition statement Vol. 2, NP 202-05, 2005
260 ## - PUBLICATION, DISTRIBUTION, ETC. (IMPRINT)
Name of publisher, distributor, etc Admirality Charts and Publications
Date of publication, distribution, etc 2005
300 ## - PHYSICAL DESCRIPTION
Extent xxxviii, 347
942 ## - ADDED ENTRY ELEMENTS (KOHA)
Item type Books
Holdings
Withdrawn status Lost status Damaged status Not for loan Shelving location Date acquired Barcode Date last seen Koha item type
          2020-01-08 LBSD1939 2025-03-17 Books
Copyright © 2021 Indian Maritime University, Mumbai Port Campus. All Rights Reserved. Managed & Maintained by Central Library, IMU-Mumbai

webs counters

Powered by Koha